000 00366nam a2200109Ia 4500
008 240731s9999 xx 000 0 und d
245 0 _aMolecular Crystals and Liquid Crystals Science and Technology. Section A. Molecular Crystals and Liquid Crystals
260 _bTaylor & Francis
856 _uhttps://www.tandfonline.com/loi/gmcl19
942 _2ddc
942 _cTFEJ
999 _c78607
_d78607
945 _a1
_bMadushi Gamage
_c1
_dMadushi Gamage